| 000 | 02193nam0a2200469 4500 | ||
|---|---|---|---|
| 001 | RU\NLR\BIBL_A\012521400 | ||
| 005 | 20230320120509.0 | ||
| 010 |
_a978-5-9710-8233-0 _bЛЕНАНД, мягкий переплет |
||
| 010 |
_a978-5-453-00188-0 _bУРСС, мягкий переплет |
||
| 010 |
_a978-5-9710-8583-6 _bЛЕНАНД, твердый переплет |
||
| 010 |
_a978-5-453-00192-7 _bЛЕНАНД, твердый переплет |
||
| 021 |
_aRU _bКН-П-20-089458 _9КН-П-20-6794 |
||
| 035 | _a(NLR Aleph) 012521400 | ||
| 035 | _a(RuMoRGB)010541155 | ||
| 090 |
_a12325559 _c12325559 |
||
| 100 | _a20210519d2021 u y0rusy50 ca | ||
| 101 | 1 |
_arus _ceng |
|
| 102 | _aRU | ||
| 105 | _aa|||zzzz0||zy | ||
| 181 | 0 |
_ai3 _baxxe |
|
| 182 | 0 | _an | |
| 200 | 1 |
_aКорпоративная культура _dCorporate culture _eрешающий стратегический актив предприятия _fЭ. Фламгольц, И. Рэндл _gперевод с английского В. А. Курякова и О. Б. Молоканова _gнауч. ред. В.А. Куряков _zeng |
|
| 203 |
_aТекст _bвизуальный _cнепосредственный |
||
| 210 |
_aМосква _cURSS ЛЕНАНД _d2021 [т.е. 2020] |
||
| 215 |
_a319, [1] с. _cил., табл. _d22 |
||
| 300 | _aАвт. также на англ. яз.: Eric C. Flamholtz, Yvonnr Randle | ||
| 300 | _aКн. фактически изд. в 2020 г. | ||
| 320 | _aБиблиогр. в подстроч. примеч. | ||
| 320 | _aУказ. компаний в конце кн. | ||
| 510 | 1 |
_6z22790 _aCorporate culture _zeng |
|
| 517 | 1 | _aРешающий стратегический актив предприятия | |
| 606 | 1 |
_aКорпоративная культура _92199650 _3RU\NLR\AUTH\661321869 |
|
| 686 | 1 | _aС550.422.1 | |
| 686 | 1 | _aС550.373.2 | |
| 700 | 1 |
_aФламгольц _bЭ. _f1943- _gЭрик |
|
| 701 | 1 |
_aРэндл _bИ. _f1957- _gИвонн |
|
| 790 | 1 |
_6z22 _aFlamholtz _bE. _gEric |
|
| 790 | 1 |
_6z22 _6z22510 _aRandle _bY. _gYvonne |
|
| 942 | _cBOOK | ||
| 980 | _aNB | ||